| 000 | 00748nam a2200229 u 4500 | ||
|---|---|---|---|
| 005 | 20241015063723.0 | ||
| 008 | 090225s2008 mx r 000 0 spa d | ||
| 020 | _a9786074130058 | ||
| 035 | _aUPN01000169670 | ||
| 049 | _aCG | ||
| 050 | 4 |
_aLB2837 _bH6.5 |
|
| 245 | 0 | 0 |
_aHomenaje a una trayectoria : _bGuillermina Waldegg / _ccomp. Irma Fuenlabrada. |
| 260 |
_aMéxico : _bCOMIE : _bUPN, _c2008. |
||
| 300 | _a213 P. | ||
| 650 | 4 |
_aMaestras _zMéxico _9732 |
|
| 650 | 4 |
_aPrácticas de la enseñanza _92849 |
|
| 650 | 4 |
_aMatemáticas _xEstudio y enseñanza (Superior) _99044 |
|
| 650 | 4 |
_aCIENCIA - _xESTUDIO Y ENSEÑANZA (SUPERIOR) _910112 |
|
| 700 | 1 |
_aFuenlabrada Velázquez, Irma Rosa, _ecomp. _937094 |
|
| 905 | _aLibro | ||
| 999 |
_c141776 _d141776 |
||